00629cam7a220021700 4500001001200000005001700012008004100029010001600070035002000086035002200106035002200128040000900150050001900159082001100178100007300189245004100262260003300303949005100336004000700387999001700394qcf0020303720190816084246.0751014s1932 fr 000 0 fre  a 32012183 a(Sirsi) r124009 a(QCAT)lss01032596 a(UPRA)qcf00203037 dUPRA0 aPQ2607.O64bC5 a843.911 aDorgeles, Roland, 1886-1973.dDorgeles, Roland, 1886-1973.6A92144.113aLe chateau des brouillards :broman. aParis :bA. Michel,c[c1932] aPQ2607.O64wlcci-178222mMAINtBOOKlON-SHELF124009 c79222d79222